[Event "Galicia-ch U14"]
[Site "Padron"]
[Date "2023.02.18"]
[Round "2"]
[White "Dibuja Conde, Mateo"]
[Black "Iglesias Flores, Marcos"]
[Result "0-1"]
[WhiteElo "1223"]
[BlackElo "1474"]
[PlyCount "125"]
[EventDate "2023.02.18"]
[EventType "swiss"]
[EventRounds "8"]
[EventCountry "ESP"]
[SourceTitle "EXT 2024"]
[Source "ChessBase"]
[SourceDate "2023.10.10"]
[SourceVersion "1"]
[SourceVersionDate "2023.10.10"]
[SourceQuality "1"]

1. c4 e5 2. Nc3 Nf6 3. Nf3 Nc6 4. g3 Bb4 5. Nd5 Bc5 6. Bg2 0-0 7. d3 h6 8. 0-0 d6 9. a3 a5 10. Nd2 Be6 11. e3 Bxd5 12. cxd5 Ne7 13. Qf3 Nexd5 14. Ne4 Nxe4 15. Qxe4 c6 16. Bd2 Qc7 17. b4 axb4 18. axb4 Bb6 19. Qc4 Nf6 20. Rac1 d5 21. Qh4 Qe7 22. d4 exd4 23. exd4 Bd8 24. Rfe1 Qd7 25. Bh3 Qc7 26. Bf4 Qb6 27. Bd6 Ne4 28. Bc5 Nxc5 29. bxc5 Bxh4 30. cxb6 Bd8 31. Rb1 Bf6 32. Red1 Ra4 33. Bg2 Rxd4 34. Rxd4 Bxd4 35. Kf1 Ra8 36. Bh3 Kf8 37. f4 Ke7 38. Ke1 Kd8 39. Bf1 Ra1 40. Rxa1 Bxa1 41. Kd2 Bd4 42. Kd3 Bxb6 43. Bh3 Bg1 44. g4 Bxh2 45. f5 Ke7 46. Bg2 g6 47. fxg6 fxg6 48. Kd4 Kd6 49. Bf3 c5+ 50. Kd3 Ke5 51. Kc3 b5 52. Kd3 b4 53. Bd1 c4+ 54. Kd2 Kd4 55. Kc2 Ke3 56. Kc1 d4 57. Ba4 Kd3 58. Bc2+ Kc3 59. Bxg6 d3 60. Kb1 b3 61. Kc1 Bf4+ 62. Kd1 b2 63. Bxd3 0-1